000 00373nam a2200133 4500
008 b xx# fre u
040 _aLB-BrCRDP
082 1 _a150
_bFRE
100 1 _aFreud, Sigmund
245 1 0 _aTotem et Tabou
_cSigmund Freud, Serge Jankélévitch
700 1 _aJankélévitch, Serge
942 _cBK
999 _c9988
_d9988